000 00772nab a2200205 i 4500
001 768714001
003 CO-MdFUSB
005 20240506115631.0
008 240502t1966 sp ||||| |||| 00| 0 spa d
040 _bspa
_cCO-MdFUSB
_dCO-MdFUSB
041 _aspa
100 _aBockle, Franz
_eautor
245 3 _aLa paz y la guerra moderna
_c/ Franz Bockle
520 _aEste artículo se analiza las anotaciones a la discusión teológica en el ámbito lingüístico alemán.
650 2 _aConciencia (Moral)
_9927
650 0 _aPaz
_92052
773 0 _049450
_982573
_oR2505
_tRevista internacional de teología Concilium
_w(CO-MdFUSB)8
_x0210-1041
_gNúmero 15, (mayo, 1966), páginas: 133 -144
_qpágina: 133
942 _cANA
945 _aCatherine Arias Álvarez practicante SENA
999 _c69496
_d69496